El País que Duarte Soñó. Recopilación de los artículos publicados en las páginas del periódico Hoy (Record no. 7631)

MARC details
000 -LEADER
campo de control de longitud fija 00401nam a2200133Ia 4500
001 - NÚMERO DE CONTROL
campo de control 3886
008 - DATOS DE LONGITUD FIJA--INFORMACIÓN GENERAL
campo de control de longitud fija 241024s9999 xx 000 0 und d
082 ## - NÚMERO DE LA CLASIFICACIÓN DECIMAL DEWEY
Número de clasificación RD/923.97293/I74p
100 ## - ENTRADA PRINCIPAL--NOMBRE DE PERSONA
Nombre de persona Minerva Isa
245 #0 - MENCIÓN DEL TÍTULO
Título El País que Duarte Soñó. Recopilación de los artículos publicados en las páginas del periódico Hoy
260 ## - PUBLICACIÓN, DISTRIBUCIÓN, ETC.
Nombre del editor, distribuidor, etc. Editora Hoy
Fecha de publicación, distribución, etc. 2013
901 ## - ELEMENTOS DE DATOS A LOCAL LDA (RLIN)
a 28/1/2015 9:36:40 a.m.

No items available.

© 2024. Todos los Derechos Reservados. Desarrollado por IDEICE